| 000 | 01110cam a2200229 4500 | ||
|---|---|---|---|
| 001 | ABS64702 | ||
| 008 | 011024n2001 000 0 eng u | ||
| 035 | _a(Sirsi) u115279 | ||
| 100 | _aSowter, K | ||
| 245 | _aRoom for change | ||
| 260 | _c2001 | ||
| 490 |
_aSolicitors' Journal _v145(38) 12 October 2001, 940(1) |
||
| 520 | _aConsiders the effect of restrictive alienation clauses at rent review and illustrates how market conditions determine the nature of alienation provisions. Uses a working example to demonstrate how poor market conditions force landlords to allow flexible alienation provisions such as letting floor by floor and wing by wing, but when the market recovers landlords can insist on stricter alienation provisions. Provides a similar scenario with a building layout not capable of physical division. | ||
| 590 | _aABS | ||
| 650 | _aPROPERTY-COMMERCIAL PROPERTY-COMMERCIAL PROPERTY MARKET | ||
| 650 | _aALIENATION PROVISIONS | ||
| 650 | _aRENT REVIEWS | ||
| 650 | _aFLEXIBILITY | ||
| 650 | _aCOMMERCIAL LEASES | ||
| 690 | _aLANDLORD AND TENANT-RENT REVIEWS | ||
| 942 | _n0 | ||
| 999 |
_c68658 _d68658 |
||